Tríptico del Quijote: Edición homenaje con motivo del IV centenario del nacimiento de Cervantes

שמור ב:
מידע ביבליוגרפי
מחבר ראשי: Montoliu, Manuel de (autor)
פורמט: ספר
שפה:ספרדית
יצא לאור: Barcelona Cervantes 1947
נושאים:
תגים: הוספת תג
אין תגיות, היה/י הראשונ/ה לתייג את הרשומה!

MARC

LEADER 00000nam a2200000 a 4500
001 UCH5946
003 CL-VaPUC
008 091105e19470000SP |||||||||||||||||spa|d
082 0 4 |a 863.09  |b MON  |2 21 
100 |a Montoliu, Manuel de  |e autor  |9 542314 
245 1 0 |a Tríptico del Quijote: Edición homenaje con motivo del IV centenario del nacimiento de Cervantes 
300 |a 244 p 
942 |c BK 
945 |d 20091105 00:00:00  |a dcastane 
260 |a Barcelona  |b Cervantes  |c 1947 
650 0 |a Literatura española  |9 306261 
650 0 |a Crítica e interpretación   |9 255042 
583 |a last modification  |c 20091105 00:00:00  |k Rodrigo Vera 
999 |c 336940  |d 336938 
952 |0 0  |1 0  |4 0  |6 863_090000000000000_MON_1947  |7 0  |8 A  |9 429010  |a FDOPOS  |b FDOPOS  |d 2019-11-22  |i 4612469  |o 863.09 MON 1947  |p 4612469  |r 2025-01-22  |w 2019-11-22  |y BK  |k MLH